Historia 1 : de la prehistoria a los tiempos medievales /

Guardado en:
Autor Principal: Vázquez de Fernández, Silvia A.
Formato: Libro
Publicado: Buenos Aires : Kapelusz
Series:Serie Horizonte
Materias:
Etiquetas: Agregar Etiqueta
Sin Etiquetas, Sea el primero en etiquetar este registro!
LEADER 01452nam a22002295a 4500
001 CEM.cems009450
008 130507b199?##################000#0#####d
005 20241220095632.0
245 1 0 |a Historia 1 :  |b de la prehistoria a los tiempos medievales /  |c Silvia A. Vázquez de Fernández 
260 |a Buenos Aires :  |b Kapelusz 
300 |a 287 p. 
490 0 |a Serie Horizonte 
505 0 |a Historia y prehistoria -- Qué es la historia ? -- Los tiempos prehistóricos -- La edad antigua -- Los tiempos antiguos -- Egipto, la tierra de los faraones -- Mesopotamia antigua: una región de sumerios y semitas -- Fenicia y Palestina: el apogeo de los pequeños reinos -- Persia: la formación de una gran imperio -- Grecia: cuna de la civilización occidental -- Roma: el Estado más poderoso del mundo antiguo -- La Edad Media -- Los tiempos medievales -- Temprana Edad Media: el despertar de una nueva era -- Alta Edad Media: el auge del feudalismo -- Baja Edad Media: un transito a la modernidad 
020 |a 9501325660 
100 1 |a Vázquez de Fernández, Silvia A. 
082 0 4 |a Z930 
653 |a Historia 
653 |a Historia-3er. ciclo egb 
859 |a CEMS  |b BIB. CEMS - 11 de abril  |h Z930  |i V443-1  |p 19146.97  |t Ej.1  |v I  |3 I 
859 |a CEMS  |b BIB. CEMS - 11 de abril  |h Z930  |i V443-1  |p 19147.97  |t Ej.2  |v I  |3 I 
859 |a CEMS  |b BIB. CEMS - 11 de abril  |h Z930  |i V443-1  |p 19148.97  |t Ej.3  |v I  |3 I 
859 |a CEMS  |b BIB. CEMS - 11 de abril  |h Z930  |i V443-1  |p 19921.98  |t Ej.5  |v I  |3 I